000 00457nam a2200169Ia 4500
003 GCL
008 140319s9999 xx 000 0 ara d
040 _aGCL /
_cGCL
082 0 4 _aد
_b050
100 1 _aمحمد كامل سند
245 1 0 _aباقة طبية(اقرا 227 ) /
_cمحمد كامل سند
300 _a144
490 _aاقرأ
_v0
650 0 4 _aالامراض الشائعة
650 0 4 _aالصحة الوقائية
942 _2ddc
_cBK
999 _c48665
_d48665